Martin fierro /

Guardado en:
Autor Principal: Hernández, José
Formato: Libro
Publicado: México : Fernández, 1991
Materias:
Etiquetas: Agregar Etiqueta
Sin Etiquetas, Sea el primero en etiquetar este registro!
LEADER 00513nam a22001935a 4500
001 CEM.cems007323
005 20060214000000.0
008 130507s1991##################000#0#####d
003 CEMS
082 0 4 |a A861.2 
100 1 |a Hernández, José 
245 1 0 |a Martin fierro / 
260 |a México :  |b Fernández,  |c 1991 
300 |a 179 p. 
653 |a Literatura 
653 |a Literatura argentina 
653 |a Poesia gauchesca 
653 |a Romanticismo 
859 |a CEMS  |b BIB. CEMS - 11 de abril  |h A861.2  |i H43-13  |p 17151.93  |t Ej.1